000 00850nam a2200253Ia 4500
003 OSt
005 20220923211451.0
006 a|||||r|||| 00| 0
007 ta
008 Pun
020 _a9789350689035 (hbk)
_c695
024 _a290,197
037 _b1019, 16/03/2016, H.K. Prakashan
_cTextual
040 _aARTS
_cARTS
_bPun
041 _2Pun
_aPun
082 _aQ8441:4198, 153Q4
100 _aਸਿੰਘ, ਹਰਿਸਿਮਰਨ
_9156272
245 0 _aਅਕਾਲ ਤ॥ਤ ਸਾਹਿਬ ਦੇ ਪੰਥਕ ਸਰੋਕਾਰ
260 _aਚੰਡੀਗੜ੍ਹ
_b ਲੋਕਗੀਤ ਪ੍ਰਕਾFਨ
_c2014
300 _a560ਪੰ
_ccm.
650 _aਧਰਮ
942 _hQ8441:4198, 153Q4
_cTEXL
_2CC
999 _c299822
_d299822